000 00591nam a22002297a 4500
003 OSt
005 20180116183017.0
008 151009b xxu||||| |||| 00| 0 eng d
020 _a9789327244878
022 _a9789327244878
040 _c0
050 _a005.73
082 _a005.73
100 _aGupta,Vikram.
245 _aFundamentals of Information Technology and Ms Office.
_cVikram Gupta.
260 _aNew Delhi
_bKalyani Publishers.
_c2014.
300 _a1614p.
500 _aPaper Cover
600 _aGupta,Vikram.
700 _aGupta,Vikram.
942 _2ddc
_cBK
_k005.73
999 _c350411
_d350411